000 00310nam a2200109Ia 4500
001 588979
005 20250717120840.0
008 250717s9999 xx 000 0 und d
245 0 _aU-9 SELAHADDİN KUDÜS MUHAFIZI OLMA YOLUNDA
_cRABİA KARZAN
260 _bTÜRKİYE DİYANET VAKFI YAYINLARI
_c2020
300 _b43
999 _c588979
_d588979